Statistics for Pairs #25 (Legalese Edition)

Click here to take the quiz!

General Stats

  • This quiz has been taken 27 times
  • The average score is 14 of 25

Answer Stats

HintAnswer% Correct
UnderstoodAgreed
86%
PainSuffering
86%
AidAbet
81%
CeaseDesist
81%
SocSac
76%
ReleaseDischarge
71%
HaveHold
71%
TaxesOther costs
71%
Yeara day
67%
FactsCircumstances
62%
CancelledVoid
62%
DeemConsider
57%
ExecuteDeliver
57%
BargainSale
52%
WaifStray
52%
GiveGrant
48%
IfTo the extent that
48%
ByBetween
43%
MadeEntered into
38%
KeepMaintain
38%
AbuttalsBoundaries
33%
BindObligate
33%
OrderDirect
29%
LandsTenements
29%
DeposeSay
14%

Score Distribution

Percentile by Number Answered

Percent of People with Each Score

Your Score History

You have not taken this quiz